El pequeño Nicolás / (Registro nro. 11870)

Detalles MARC
000 -LIDER
fixed length control field 00975nam a22003017a 4500
001 - NÚMERO DE CONTROL
Identificador de número de control 000667
003 - IDENTIFICACDOR DE NÚMERO DE CONTROL
control field DO-SdBNP
005 - DATE AND TIME OF LATEST TRANSACTION
control field 20180207130913.0
007 - CAMPOS FIJOS DE DESCRIPCIÓN FÍSICA
fixed length control field 000667
008 - ELEMENTOS DE LONGITUD FIJA
fixed length control field 161109b 1994 ck a ||||| |||| 00| 0 spa d
020 ## - ISBN
International Standard Book Number 9582401052
040 ## - FUENTE DE CATALOGACIÓN
Agencia que crea de manera original el registro BPMSU
Idioma de catalogación spa
Agencia que realiza la transcripción BPMSU
082 ## - NÚMERO DE CLASIFICACIÓN DECIMAL DE DEWEY
Classification number xxxx
Item number xxxx
100 1# - ASIENTO PRINCIPAL -- NOMBRE PERSONAL
Nombre personal Goscinny, René,
Fechas asociadas con el nombre 1926-1977.
245 10 - MENCIÓN DE TITULO
Título El pequeño Nicolás /
Mención de responsabilidad René Sempé ; traducción de Esther Benítez ; ilustraciones de Sempé.
250 ## - MENCIÓN DE EDICION
Mención de edición 2ª reimp.
260 ## - PUBLICACIÓN, DISTRIBUCIÓN, ETC. (PIE DE IMPRENTA)
Lugar de publicación, distribución, etc Santafé de Bogotá, Colombia :
Nombre del editor, distribuidor, etc. Alfaguara ;
Fecha de publicación, distribución, etc 1994.
300 ## - DESCRIPCIÓN FÍSICA
Extensión 139 p.
Otros detalles físicos il. ;
Dimensiones 20 cm.
490 1# - MENCIÓN DE SERIES
Mención de serie Alfaguara infantil
500 ## - NOTA GENERAL
Nota general Segunda reimpresión: noviembre de 1994.
500 ## - NOTA GENERAL
Nota general Para niños a partir de los 10 años.
700 12 - ASIENTO SECUNDARIO -- NOMBRE PERSONAL
Nombre personal Benítez, Esther,
Fechas asociadas con el nombre 1937-2001
700 12 - ASIENTO SECUNDARIO -- NOMBRE PERSONAL
Nombre personal Sempé, Jean-Jaques,
Fechas asociadas con el nombre 1932-
830 #0 - ASIENTO SECUNDARIO DE SERIE--TÍTULO UNIFORME
Título uniforme Alfaguara infantil
942 ## - ADDED ENTRY ELEMENTS (KOHA)
Source of classification or shelving scheme Dewey Decimal Classification
Koha item type Libros
945 ## - INFORMACIÓN DE PROCESAMIENTO LOCAL
Información de procesamiento local inventariado, 2018 / dg
956 ## - LOCAL ELECTRONIC LOCATION AND ACCESS (OCLC)
Método de acceso LOPEREZ
Materiales especificados 10
Enlace 20101109
Campo enlazado y núm. de secuencia BPMSU
Nombre de host 00041
Existencias
Withdrawn status Lost status Source of classification or shelving scheme Damaged status Not for loan Collection code Home library Current library Date acquired Source of acquisition Total Checkouts Full call number Barcode Date last seen Price effective from Koha item type
    Dewey Decimal Classification     Colección Infantil General Biblioteca Pública Metropolitana Salomé Ureña Biblioteca Pública Metropolitana Salomé Ureña 11/09/2016 FUNDI   xxxx xxxx BPMSU16111134 11/09/2016 11/09/2016 Libros